Statistics for No Clues: What Are These Song Lyrics #6

Click here to take the quiz!

General Stats

  • This quiz has been taken 967 times
  • The average score is 33 of 125

Answer Stats

Answer% Correct
I
98%
a
95%
the
92%
you
90%
to
73%
and
71%
in
70%
on
68%
do
65%
it
65%
no
61%
my
60%
of
59%
they
56%
are
53%
when
53%
that
51%
not
50%
was
48%
hear
46%
with
43%
night
42%
know
41%
were
41%
like
40%
one
40%
its
38%
come
36%
But
35%
by
32%
light
31%
old
31%
said
31%
again
29%
friend
29%
I've
29%
sound
29%
Because
28%
Hello
28%
talk
28%
more
27%
never
27%
out
27%
people
27%
silence
27%
saw
26%
darkness
25%
eyes
24%
still
24%
take
21%
without
21%
words
21%
god
20%
made
20%
maybe
20%
ten
20%
well
20%
brain
19%
left
19%
thousand
18%
alone
17%
dreams
17%
hearing
17%
listening
17%
might
17%
neon
17%
speaking
17%
street
17%
vision
17%
while
17%
remains
16%
sleeping
16%
talking
16%
walls
16%
cold
15%
creeping
15%
softly
15%
songs
15%
sounds
15%
voices
15%
written
15%
fell
14%
planted
14%
prayed
14%
subway
14%
Within
14%
bowed
13%
cancer
13%
flash
13%
grows
13%
halls
13%
lamp
13%
naked
13%
walked
13%
writing
13%
damp
12%
dare
12%
echoed
12%
prophets
12%
reach
12%
share
12%
sign
12%
silent
12%
split
12%
streets
12%
teach
12%
arms
11%
cobblestone
11%
disturb
11%
"fools",
11%
raindrops
11%
restless
11%
seeds
11%
tenement
11%
turned
11%
collar
10%
Narrow
10%
'Neath
10%
warning
10%
forming
9%
halo
9%
flashed
8%
touched
8%
whispered
8%
stabbed
7%

Score Distribution

Percentile by Number Answered

Percent of People with Each Score

Your Score History

You have not taken this quiz